Ảnh hưởng của Marketing mối quan hệ đến lòng trung thành và tiếp thị truyền miệng của khách hàng tại một số chi nhánh ngân hàng thương mại ở Đồng Nai : Luận văn thạc sĩ - Chuyên ngành: Quản trị kinh doanh

Guardat en:
Dades bibliogràfiques
Autor principal: Nguyễn, Như Long
Format: Luận văn
Idioma:Undetermined
Publicat: Trường Đại học Công Nghiệp Tp. Hồ Chí Minh 2018
Matèries:
Etiquetes: Afegir etiqueta
Sense etiquetes, Sigues el primer a etiquetar aquest registre!
Thư viện lưu trữ: Trung tâm Thư viện - Trường Đại học Công nghiệp TP. Hồ Chí Minh
LEADER 00843nam a2200157Ia 4500
001 UIH_01331
008 230809s9999 xx 000 0 und d
082 |a 658.83 
100 |a Nguyễn, Như Long 
245 0 |a Ảnh hưởng của Marketing mối quan hệ đến lòng trung thành và tiếp thị truyền miệng của khách hàng tại một số chi nhánh ngân hàng thương mại ở Đồng Nai : Luận văn thạc sĩ - Chuyên ngành: Quản trị kinh doanh 
245 0 |c Nguyễn, Như Long 
260 |b Trường Đại học Công Nghiệp Tp. Hồ Chí Minh 
260 |c 2018 
650 |a Quản trị kinh doanh;Nghiên cứu thị trường; 
927 |a Luận văn 
980 |a Trung tâm Thư viện - Trường Đại học Công nghiệp TP. Hồ Chí Minh